Tous les Objets de la poche Objets Rares dans Pokémon - Statistiques

Statistiques générales
  • Ce quiz a été pris 17 fois
  • Le résultat moyen est 35 sur 264
Statistiques - réponses
Objets Rares % Correct
Carte
93%
Canne
86%
Méga Canne
79%
Super Canne
79%
Bicyclette
71%
Cherch'Objet
50%
Clé Galaxie
50%
Orbe Vert
50%
Vélo Cross
50%
Vokit
50%
Arcenci'Aile
43%
Bracelet Z
43%
Flûte Azur
43%
Flute Eon
43%
Météorite
43%
Pierre Magma
43%
Pointeau ADN
43%
Argent'Aile
36%
Carapuce à O
36%
Clé Secrète
36%
Colis
36%
Gemme Sésame
36%
Lettre Chen
36%
Méga-Bracelet
36%
Necroluna
36%
Necrosol
36%
Plume Lune
36%
Poké Flûte
36%
Registre Ami
36%
Rollers
36%
Scanner
36%
Scaphandre Aqua
36%
Scaph.Magma
36%
Tri-Passe
36%
TV ABC
36%
Vieillecarte
36%
Boîte Jetons
29%
Boîte Noigrume
29%
Bon 1
29%
Bon 2
29%
Bon 3
29%
Bon Commande
29%
Carte Membre
29%
Devon Scope
29%
Ecaillerouge
29%
Explorakit
29%
Galet Blanc
29%
Galet Noir
29%
Holokit
29%
Lunettes Sable
29%
Magnéto VS
29%
Multi Exp
29%
Pass Bateau
29%
Pass Eon
29%
Pass Liberté
29%
Scope Sylphe
29%
Ticketmystik
29%
Vase Scellé
29%
ABC Aventure
21%
Boîte Parure
21%
Carte Magnétique
21%
Charme Chroma
21%
Charme Ovale
21%
Cherch'Combat
21%
Clé Ascenseur
21%
Dentier en Or
21%
Gracidée
21%
GS Ball
21%
Méga-Anneau
21%
Nikodule
21%
Objet Perdu
21%
Objet Trouvé
21%
Partie Machine
21%
Plante-Baies
21%
Pokébloc
21%
Pokématos
21%
Rubis
21%
Saphir
21%
Thé
21%
Ticketaurora
21%
Vélo de Course
21%
Vieux Grigri
21%
Wailmerrosoir
21%
Boîte CT
14%
Flûte de la Lune
14%
Flûte du Soleil
14%
Fulguro-Badge
14%
Gemme Bleue
14%
Gemme Rouge
14%
Kwakarrosoir
14%
Memorydex
14%
Pack Devon
14%
Permis
14%
Plaque Draco
14%
Plaque Esprit
14%
Plaque Fer
14%
Plaque Flamme
14%
Plaque Glace
14%
Plaque Herbe
14%
Plaque Hydro
14%
Plaque Insecte
14%
Plaque Ombre
14%
Plaque Pixie
14%
Plaque Poing
14%
Plaque Roc
14%
Plaque Terre
14%
Plaque Volt
14%
PokéNav
14%
Poké Radar
14%
Sac à Baies
14%
Sandwich
14%
Vieux Journal
14%
Baie Pêcha Fabuleuse
7%
Boîte à Poffins
7%
Boîte Lentilles
7%
Boîte Pokéblocs
7%
Boîte Zygarde
7%
Canne à Pêche
7%
Carnet Zarbi
7%
Carte à Points
7%
Carte Plasma
7%
Charme Stabilité
7%
Clé Salle 1
7%
Clé Salle 2
7%
Clé Salle 4
7%
Clé Salle 6
7%
Clé Sous-Sol
7%
Clé Stockage
7%
Coffret Mode
7%
Corde Sortie
7%
Disque Indigo
7%
Glas Tempête
7%
Glas Transparent
7%
Kit Pokébloc
7%
Livre Ecarlate
7%
Livre Violet
7%
Mystécristal
7%
Nénurrosoir
7%
Noigrume Shaker
7%
Oeuf Mystère
7%
Origine Ball
7%
Passe Prisme
7%
Pierre Insolite
7%
Plaque Ciel
7%
Plaque Fantôme
7%
Plaque Légende
7%
Plaque Renouveau
7%
Plaque Toxicité
7%
Poignet Dynamax
7%
Pokéball de Koraidon
7%
Pokéball de Miraidon
7%
Sac Ingrédients
7%
Seau Magma
7%
Super bracelet Z
7%
Vieux Poème
7%
Aile de Créfollet
0%
Appâragruel
0%
Boîte à Outils
0%
Boîte à Sceaux
0%
Boîte Médailles
0%
Boîte Pokémon
0%
Bouchons Audio
0%
Carotte Gelée
0%
Carotte Sombre
0%
Carte Bleue
0%
Carte Elégance
0%
Carte Elégance Bleue
0%
Carte Elégante Verte
0%
C-Gear
0%
Charme Eclatant
0%
Charme Exp
0%
Charme Insigne
0%
Clé de Chambre
0%
Clé du Hangar
0%
Clé Parc Eolien
0%
Costume Live
0%
Couronne en Bois
0%
Courrier
0%
Crâne Dragon
0%
Crins Blancs
0%
Crins Sombres
0%
Cristal Z Althéo
0%
Croc de Créfadet
0%
Dédicace
0%
Eclat Météorite
0%
Etoile Voeu
0%
Festicket
0%
Fleur 7 Couleurs
0%
Flûte Céleste
0%
Fragment de Mur
0%
Friandise
0%
Gemme Lumière
0%
Glaçon Eternel
0%
Globe Adamant
0%
Globe Perlé
0%
Globe Platiné
0%
Graines Carotte
0%
Griffe de Créhelf
0%
Insigne de Kalos
0%
Journal Déchiré
0%
Kit de Camping
0%
Lecteur DS
0%
Lecteur GB
0%
Lettre à Pierre
0%
Lettre du Prof
0%
Lettre Jaunie
0%
Livre de Bria
0%
Livre de Sonya
0%
Masque du Prof
0%
Masque Turquoise
0%
Message Mystère
0%
Minerai Origine
0%
Miroir Sacré
0%
Mixeur à Baies
0%
Morceau de Cristal
0%
Moti-Catalogue
0%
Moticyclette
0%
MouchoiSale
0%
Noigrume Drink
0%
Note Légende (?)
0%
Note Légende 1
0%
Note Légende 2
0%
Note Légende 3
0%
Notes d'Aventure
0%
Orbe Téracistal
0%
Pacifi-Espace
0%
Pacifi-Forêt
0%
Pacifi-Marais
0%
Pacifi-Montagne
0%
Pacifi-Neige
0%
Pacifisphère
0%
Pacifi-Temps
0%
Pacifi-Volcan
0%
Pass Couronneige
0%
Passe Centrale
0%
Passe Concours
0%
Passe Train
0%
Pass Isolarmure
0%
Pass TMV
0%
Perche à Motismart
0%
Pétale Bleu
0%
Pétale Brillant
0%
Pétale Jaune
0%
Pétale Orange
0%
Pétale Rose
0%
Pétale Rouge
0%
Pétale Vert
0%
Pétale Violet
0%
Plongeur Devon
0%
Poké Ball donnée
0%
Poké Ecrin
0%
Portefeuille de Kombu
0%
Pot Poudre
0%
Poudre de Baie
0%
Recommandation
0%
Rênes de l'Unité
0%
Robe Live
0%
Rouleau de l'Eau
0%
Rouleau des Ténèbres
0%
Sac à Suie
0%
Synchrotron
0%
Ticket Beladonis
0%
Ticket Duo
0%
Trousse Beauté
0%
Aucun quiz correspondant
Distribution des résultats
% des personnes avec chaque résultat
Percentile par nombre de réponses
Votre historique - résultats
Vous n’avez pas pris ce quiz